Letteratura italiana - superquiz - Statistics

Statistiche generali
  • Questo quiz è stato fatto 359 volte
    183 dall'ultimo reset
  • Il punteggio medio è 56 su 152
Statistiche sulle risposte
Date di nascita e morte Luoghi più rappresentativi Opere principali Autori e autrici % Corretto
1181/82-1226 Assisi Cantico delle creature Francesco d'Assisi
100%
1265-1321 Firenze, Verona, Ravenna Divina Commedia | Vita nuova | Convivio Dante Alighieri
94%
1313-1375 Certaldo, Firenze, Napoli Decameron | Filocolo | Ninfale fiesolano Giovanni Boccaccio
90%
1304-1374 Arezzo, Avignone, Padova Il Canzoniere | I Trionfi Francesco Petrarca
89%
1474-1533 Reggio Emilia, Ferrara Orlando furioso | Satire | La Cassaria Ludovico Ariosto
89%
1785-1873 Milano, Firenze I promessi sposi | 5 maggio | Storia della colonna infame | Adelchi Alessandro Manzoni
87%
1863-1938 Pescara, Roma, Francia, Fiume, Gardone Riviera Il piacere | Alcyone | Le vergini delle rocce | La pioggia nel pineto Gabriele d'Annunzio
86%
1840-1922 Catania, Firenze, Milano I Malavoglia | Mastro-don Gesualdo | Vita dei campi | Storia di una capinera Giovanni Verga
86%
1469-1527 Firenze Il Principe | Mandragola | Discorsi sopra la prima deca di Tito Livio Niccolò Machiavelli
86%
1544-1595 Sorrento, Roma, Ferrara Gerusalemme liberata | Aminta | Re Torrismondo Torquato Tasso
86%
1778-1827 Zante, Venezia, Inghilterra Ultime lettere di Jacopo Ortis | A Zacinto | Dei sepolcri Ugo Foscolo
86%
1867-1936 Agrigento, Roma Uno, nessuno e centomila | Il fu Mattia Pascal | Novelle per un anno | Sei personaggi in cerca d'autore Luigi Pirandello
85%
1493-1569 Venezia, Bergamo, Francia, Ferrara Amadigi | Floridante | Rime Bernardo Tasso
84%
1896-1981 Genova, Firenze, Milano Ossi di seppia | Le occasioni | La bufera e altro | Satura Eugenio Montale
84%
1861-1928 Trieste La coscienza di Zeno | Senilità | Una vita | Vino generoso Italo Svevo
83%
1919-1987 Torino, Auschwitz Se questo è un uomo | Il sistema periodico | I sommersi e i salvati Primo Levi
83%
1707-1793 Venezia, Francia La Locandiera | La donna di garbo | La vedova scaltra Carlo Goldoni
82%
1798-1837 Recanati, Firenze, Napoli L'infinito | La ginestra | A Silvia | Operette morali Giacomo Leopardi
82%
1855-1912 San Mauro di Romagna, Bologna, Barga Myricae | Canti di Castelvecchio | Poemi conviviali Giovanni Pascoli
82%
1923-1985 Sanremo, Torino, Francia, Roma Il barone rampante | Se una notte d'inverno un viaggiatore | Il sentiero dei nidi di ragno | Le città invisibili Italo Calvino
81%
1738-1794 Milano Dei delitti e delle pene | Ricerche intorno alla natura dello stile Cesare Beccaria
78%
1254-1324 Venezia, Cina Il Milione Marco Polo
78%
1888-1970 Egitto, Roma, Francia, Brasile L'allegria | Sentimento del tempo | Il dolore | Il taccuino del vecchio Giuseppe Ungaretti
76%
1932-2016 Alessandria, Milano Il nome della rosa | Il pendolo di Foucault | Il cimitero di Praga Umberto Eco
76%
1826-1890 Firenze Le avventure di Pinocchio | Giannettino | Minuzzolo Carlo Collodi
74%
1908-1950 Torino La luna e i falò | Il mestiere di vivere | La casa in collina Cesare Pavese
73%
1835-1907 Firenze, Bologna Odi barbare | Giambi ed epodi | San Martino Giosue Carducci
73%
1902-1975 Torino, Aliano Cristo si è fermato a Eboli | Le parole sono pietre. Tre giornate in Sicilia Carlo Levi
72%
1912-1985 Roma La Storia | L'isola di Arturo | Aracoeli Elsa Morante
72%
1564-1642 Pisa, Padova, Firenze Dialogo sopra i due massimi sistemi del mondo | Il Saggiatore | Lettere copernicane Galileo Galilei
71%
1729-1799 Bosisio, Milano Il Giorno | La salubrità dell'aria | La caduta Giuseppe Parini
70%
1896-1957 Palermo Il Gattopardo | I ricordi d'infanzia Giuseppe Tomasi di Lampedusa
69%
1260-1310/13 Siena, Roma S'i fosse foco | Tre cose solamente mi so 'n grado Cecco Angiolieri
68%
1943- (?) Napoli (?) L'amica geniale | L'amore molesto | La vita bugiarda degli adulti Elena Ferrante
66%
1876-1944 Egitto, Francia, Milano Zang Tumb Tumb | Mafarka il futurista | Manifesto del Futurismo Filippo Tommaso Marinetti
66%
1922-1975 Bologna, Casarsa della Delizia, Roma Poesia in forma di rosa | Ragazzi di vita | Una vita violenta Pier Paolo Pasolini
66%
1907-1990 Roma, Capri Gli indifferenti | La ciociara | Le ambizioni sbagliate Alberto Moravia
64%
1258-1300 Firenze, Lucca Donna me prega | Chi è questa che ven, ch'ogn'om la mira Guido Cavalcanti
64%
1871-1936 Nuoro, Roma Canne al vento | Elias Portolu | Cenere Grazia Deledda
62%
1230/36-1306 Todi Donna de Paradiso | Laude Jacopone da Todi
61%
1749-1803 Asti, Torino, Francia, Firenze Saul | Mirra | Vita scritta da esso Vittorio Alfieri
60%
1901-1968 Modica, Roma, Milano Acque e terre | Oboe sommerso | Ed è subito sera Salvatore Quasimodo
59%
1925-2019 Agrigento, Roma, Santa Fiora Storie di Montalbano | La mossa del cavallo | Il re di Girgenti Andrea Camilleri
58%
1210-1260 Lentini, Palermo Meravigliosamente | Io m'aggio posto in core a Dio servire Giacomo da Lentini
56%
1906-1972 Milano, Belluno Il deserto dei Tartari | Un amore | Barnabo delle montagne | Sessanta racconti Dino Buzzati
54%
1846-1908 Imperia, Torino Cuore | Sull'oceano | Il romanzo di un maestro Edmondo De Amicis
53%
1441-1494 Scandiano, Ferrara Inamoramento de Orlando | Amorum libri tres Matteo Maria Boiardo
53%
1922-1963 Alba Una questione privata | Il partigiano Johnny | I ventitré giorni della città di Alba Beppe Fenoglio
52%
1883-1957 Trieste, Firenze Canzoniere | Ernesto | Trieste e una donna Umberto Saba
51%
1827-1849 Genova, Roma Il canto degli italiani | Dante e l'Italia | Dio e il popolo Goffredo Mameli
50%
1929-2006 Firenze, Stati Uniti La rabbia e l'orgoglio | Insciallah | Lettera a un bambino mai nato Oriana Fallaci
50%
1893-1973 Milano, Roma Quer pasticciaccio brutto de via Merulana | Il castello di Udine |La cognizione del dolore Carlo Emilio Gadda
48%
1449-1492 Firenze Canzona di Bacco e Arianna | Nencia da Barberino Lorenzo de' Medici
48%
1235-1276 Bologna, Monselice Al cor gentil rempaira sempre amore | Io voglio del ver la mia donna laudare Guido Guinizzelli
47%
1862-1911 Verona, Torino I pirati della Malesia | Il corsaro nero | I misteri della giungla nera | Le meraviglie del Duemila Emilio Salgari
46%
1916-2000 Ferrara, Roma Il giardino dei Finzi-Contini | Cinque storie ferraresi | Dietro la porta Giorgio Bassani
46%
1569-1625 Napoli, Torino, Francia Adone | La Galeria | Murtoleide Giambattista Marino
44%
1916-1991 Torino, Pizzoli, Roma Lessico famigliare | Le piccole virtù | Caro Michele Natalia Ginzburg
43%
1789-1854 Torino, Milano, Cechia Le mie prigioni | Francesca da Rimini | Cola di Rienzo Silvio Pellico
42%
1908-1966 Siracusa, Firenze, Milano Uomini e no | Le città del mondo | Le donne di Messina | Conversazione in Sicilia Elio Vittorini
39%
1883-1916 Torino, Agliè I colloqui | La via del rifugio | La signorina Felicita ovvero la Felicità Guido Gozzano
38%
1831-1861 Padova, Mantova Le confessioni di un italiano | Novelliere campagnuolo | Il Conte Pecoraio Ippolito Nievo
38%
1921-2008 Asiago, Russia Il sergente nella neve | Il bosco degli urogalli | L'ultima partita a carte | Ritorno sul Don Mario Rigoni Stern
38%
1931-2009 Milano La Terra Santa | Ipotenusa d'amore | Ballate non pagate Alda Merini
34%
1936- Firenze, Roma La luna vita di Marianna Ucrìa | La vacanza | Lettere a Marina Dacia Maraini
34%
1861-1927 Napoli, Catania, Milano I Viceré | L'illusione | Documenti umani Federico De Roberto
34%
1842-1911 Vicenza, Torino, Milano Piccolo mondo antico | Valsolda | Malombra Antonio Fogazzaro
32%
1917-1987 Roma, Grosseto Il taglio del bosco | La ragazza di Bube | La morale del branco Carlo Cassola
32%
XIII sec. Alcamo, Palermo Rosa fresca aulentissima Cielo d'Alcamo
32%
1839-1915 Catania, Milano, Roma Il marchese di Roccaverdina | Giacinta | Profumo Luigi Capuana
30%
1432-1484 Firenze, Milano, Padova Morgante | Sonetti extravaganti | Beca da Dicomano Luigi Pulci
30%
1885-1974 Firenze, Roma Lanterna | Il codice di Perelà | E lasciatemi divertire Aldo Palazzeschi
29%
1856-1927 Grecia, Napoli, Roma Il ventre di Napoli | Il paese di cuccagna | La virtù di Checchina Matilde Serao
29%
1470-1547 Venezia, Roma Gli Asolani | Prose della volgar lingua | Il Sogno Pietro Bembo
29%
1511-1574 Arezzo, Firenze Le vite de' più eccellenti pittori scultori e architettori Giorgio Vasari
28%
1347-1380 Siena, Roma Dialogo della Divina Provvidenza | Orazioni | Lettere Caterina da Siena
26%
1741-1816 Milano, Roma Saggio sulla storia d'Italia | Notti romane al sepolcro degli Scipioni | Le avventure di Saffo poetessa di Mitilene Alessandro Verri
25%
1492-1556 Arezzo, Roma, Venezia Sonetti lussuriosi | Dubbi amorosi | La cortigiana Pietro Aretino
25%
1478-1529 Mantova, Urbino, Spagna Il Cortegiano | Tirsi Baldassarre Castiglione
24%
1548-1600 Nola, Francia, Germania, Inghilterra, Roma Candelaio | De l'infinito, universo e mondi | Cena de le Ceneri Giordano Bruno
24%
1503-1556 Firenze, Roma, Venezia Galateo overo de' costumi | O dolce selva solitaria, amica Giovanni Della Casa
24%
1754-1828 Ferrara, Roma, Milano Aristodemo | Per la liberazione dell'Italia | Iliade Vincenzo Monti
23%
1454-1494 Montepulciano, Firenze Stanze per la Giostra del Magnifico Giuliano | Fabula di Orfeo Angelo Poliziano
22%
1895-1956 San Luca, Milano, Germania, Roma Gente in Aspromonte | L'amata alla finestra | Quasi una vita Corrado Alvaro
22%
1883-1920 Siena, Roma Il podere | Tre croci | Con gli occhi chiusi Federigo Tozzi
22%
1911-1969 Ucraina, Milano Milano calibro 9 | Il centodelitti | Cinque casi per l'investigatore Jelling Giorgio Scerbanenco
22%
1475-1564 Firenze, Roma Sol io ardendo all'ombra mi rimango | Giunto è già 'l corso della vita mia Michelangelo Buonarroti
22%
1885-1932 Marradi | Argentina | Scandicci Canti orfici | Genova Dino Campana
21%
1914-2005 Firenze La barca | Avvento notturno | Al fuoco della controversia Mario Luzi
21%
1870-1945 Lodi, Milano Fatalità | Il libro di Mara | Le solitarie Ada Negri
20%
1483-1540 Firenze, Parma, Roma Ricordi politici e civili | Storia d'Italia Francesco Guicciardini
19%
1878-1960 Como, Firenze, Roma Eva ultima | Minnie la candida | L'amante fedele Massimo Bontempelli
19%
1802-1874 Dalmazia, Padova, Firenze Fede e bellezza | Pe' morti Niccolò Tommaseo
19%
1565-1635 Modena, Roma La secchia rapita | Pensieri diversi | Oceano Alessandro Tassoni
18%
1885-1957 Milano, Domodossola, Stresa Frammenti lirici | Canti anonimi | Canti dell'infermità Clemente Rebora
18%
1906-1999 Torino, Stati Uniti, Lerici America primo amore | Pilato | Le lettere da Capri Mario Soldati
18%
1190-1249 Capua, Napoli Amore, in cui disio ed ho speranza | Uno piasente isguardo Pier delle Vigne
18%
1886-1907 Roma Dolcezze | L'amaro calice | Piccolo libro inutile Sergio Corazzini
18%
1842-1898 Milano, Roma Anticaglie | Nicarete ovvero la Festa degli Alòi Felice Cavallotti
17%
1935- Urbana, Padova Un altare per la madre | La mia stirpe | La donna dei fili Ferdinando Camon
17%
1210-1287 Messina La mia gran pena e lo gravoso afanno | Gioiosamente canto Guido delle Colonne
17%
1884-1966 Genova, Firenze Con me e con gli alpini | Ragazzo | Il soldato Somalcal Luigi Piero Jahier
17%
1887-1959 Tarquinia, Roma Villa Tarantola | Viaggio d'un poeta in Russia | Il cielo sulla città Vincenzo Cardarelli
17%
1930-2009 Cassacco, Udine L'armata dei fiumi perduti | La carrozza di rame | La foiba grande Carlo Sgorlon
16%
1924-2022 Roma, Milano Donnarumma all'assalto | La linea gotica | Tempi stretti Ottiero Ottieri
16%
1370-1444 Arezzo, Firenze Vita di Dante | Vita del Petrarca Leonardo Bruni
15%
1884-1965 Copparo, Milano, Roma Armonia in grigio et in silenzio | Aladino | Le fiale Corrado Govoni
14%
1838-1910 Cairo Montenotte, Pisa, Brescia Da Quarto al Volturno | Cose garibaldine | Le rive della Bormida nel 1794 Giuseppe Cesare Abba
14%
1457-1530 Napoli Arcadia | Sonetti et canzoni Jacopo Sannazaro
14%
1876-1960 Milano | Civitanova Marche | Roma Una donna | Amo dunque sono | Gioie d'occasione Sibilla Aleramo
14%
1220-1290 Lucca Voi ch'avete mutata la mainera | Chi va cherendo guerra e lassa pace Bonagiunta Orbicciani
13%
1888-1967 Savona, Genova Trucioli | Pianissimo | Fuochi fatui Camillo Sbarbaro
13%
1265/70-1334 Pistoia, Bologna Io fu 'n su l'alto e su 'l beato monte | Lasso! Che, amando, la mia vita more Cino da Pistoia
13%
1924-1994 Urbino, Ivrea, Torino Memoriale | Le porte dell'Appennino | La macchina mondiale Paolo Volponi
13%
1913-1983 Luino, Brescia, Milano Frontiera | Diario d'Algeria | Stella variabile Vittorio Sereni
13%
1783-1851 Milano, Torino I profughi di Parga | Le fantasie | Lettera semiseria di Grisostomo al suo figliuolo Giovanni Berchet
12%
1828-1906 Milano La Scapigliatura e il 6 febbraio | Il diavolo rosso | La canaglia felice Cletto Arrighi
10%
1898-1957 Prato, Capri, Roma La pelle | Kaputt | La rivolta dei santi maledetti Curzio Malaparte
10%
1270-1332 San Gimignano Corona dei mesi | Corona della settimana Folgore da San Gimignano
9%
1882-1982 Perugia | Roma | Stati Uniti | Svizzera Dopo Caporetto | America in pantofole | L'italiano inutile Giuseppe Prezzolini
9%
1897-1995 Como, Varese Signorsì | Ombre di fiori sul mio cammino | Il pianoro delle ginestre Liala
9%
1698-1782 Roma, Austria Catone in Utica | Il sogno di Scipione | Betulia liberata Pietro Metastasio
9%
1812-1878 Verona, Brescia Canti Patrii | Il Monte Circello | I fuochi sull'Appennino Aleardo Aleardi
8%
1552-1638 Savona, Roma Belle rose porporine | Il rapimento di Cefalo | Gotiade Gabriello Chiabrera
8%
1912-1990 Livorno, Genova, Roma Stanze della funicolare | Come un'allegoria | Il passaggio di Enea Giorgio Caproni
8%
1592-1675 Torino Il cannocchiale aristotelico | Historia dell’Augustissima Città di Torino Emanuele Tesauro
7%
1230/40-1291/1300 Firenze Dovunque vai conteco porti il cesso | Oi dolce mio marito Aldobrandino Rustico Filippi
7%
1950-2021 Latina Mammut | Canale Mussolini | Il fasciocomunista Antonio Pennacchi
6%
1538-1612 Ferrara, Venezia Il pastor fido | Il Verrato Battista Guarini
6%
1839-1875 Milano, Francia Tavolozza | Penombre | Le memorie del presbitero Emilio Praga
6%
1478-1550 Vicenza, Milano, Roma L'Italia liberata da' Goti | Sofonisba | Epistola sulle lettere Gian Giorgio Trissino
6%
1881-1956 Firenze Un uomo finito | Il crepuscolo dei filosofi | Storia di Cristo Giovanni Papini
6%
1798-1866 Torino Ettore Fieramosca, o la disfida di Barletta | Niccolò de' Lapi | I lutti di Lombardia Massimo d'Azeglio
6%
1404-1449 Firenze, Siena, Roma Nominativi fritti e mappamondi | La poesia contende col rasoio Burchiello
5%
1570-1624 Genova, Roma, Torino Della creazione del mondo | Marineide | Le Pescatorie Gaspare Murtola
5%
1753-1828 Verona Poesie campestri | Prose campestri | Arminio Ippolito Pindemonte
5%
1490/92-1547 Roma Quando Morte fra noi diciolse il nodo | Vergine pura, or de’ bei raggi ardenti Vittoria Colonna
5%
1497-1535 Roma, Firenze La Catrina | Chiome d'argento fino Francesco Berni
4%
1523-1544 Padova, Venezia Io assimiglio il mio signor al cielo | Or che torna la dolce primavera Gaspara Stampa
4%
1485-1561 Milano, Mantova, Francia Le Novelle | Canti XI delle lodi della signora Lucrezia Gonzaga di Gazuolo Matteo Bandello
4%
1930-1996 Francia, Regno Unito, Roma Variazioni belliche | Serie ospedaliera | impromptu Amelia Rosselli
3%
1921-2014 Besana in Brianza, Milano Il cavallo rosso | I più non ritornano | Gli ultimi soldati del re Eugenio Corti
3%
1491-1544 Mantova, Brescia, Venezia Orlandino | Caos del Triperuno | Atto della Pinta Teofilo Folengo
3%
1909-1992 Napoli, Roma Tre operai | Speranzella | Amore amaro Carlo Bernari
2%
1899-1986 Firenze, Trieste L'estate di San Martino | Realtà vince il sogno | Prime e ultimissime Carlo Betocchi
2%
1894-1916 Trieste Cose ed Ombre di uno Carlo Stuparich
2%
1804-1873 Livorno, Corsica, Genova La battaglia di Benevento | L'assedio di Firenze | Il buco nel muro Francesco Guerrazzi
2%
1891-1961 Trieste Trieste nei miei ricordi | Un anno di scuola | Ricordi istriani Giani Stuparich
2%
1919-2004 Cuneo, Russia Mai tardi | La strada del Davai | Il prete giusto Nuto Revelli
2%
1712-1785 Brescia, Venezia Le serve rivali | L'innamorato di due | La Veneziana in Algeri Pietro Chiari
2%
1485-1550 Brescia, Correggio Occhi lucenti, e belli | Vinca gli sdegni e l’odio vostro antico Veronica Gambara
2%
1879-1964 Firenze, Francia, Poggio a Caiano Elegia dell'ambra | Kobilek: giornale di battaglia | Marsia e Apollo Ardengo Soffici
1%
Nessun quiz corrispondente trovato
Distribuzione punteggi
Percentuale di utenti per punteggio
Percentile per numero di risposta
I tuoi punteggi nel tempo
Non hai fatto questo quiz dall'ultimo reset